000 00641cam a22002173a 4500
001 35227
003 PGUSA
005 20140828083747.0
008 110209s2011||||xxu|||||s|||||000 | eng d
040 _aPGUSA
_beng
042 _adc
100 1 _aMorris, William,
_d1834-1896
245 1 2 _aA Selection from the Poems of William Morris
_h[electronic resource] /
_cWilliam Morris
260 _bProject Gutenberg,
_c2011
506 _aPublic domain in the USA.
516 _aElectronic text
700 1 _aHueffer, Francis,
_d1843-1889
830 0 _aProject Gutenberg
_v35227
856 4 0 _uhttp://www.gutenberg.org/ebooks/35227
942 _cEB
999 _c264482
_d264482